000 00874nam a2200265Ia 4500
003 OSt
005 20220928121413.0
006 a|||||r|||| 00| 0
007 ta
008 220927b |||||||| |||| 00| 0 eng d
020 _c3735.0500000000002
024 _a129093
037 _b221, 09/03/2016, Excel Book International
_cTextual
040 _aSDCL
_cSDCL
_beng
041 _2eng
_aeng
082 _aX.2'P, Q2
100 _aBhagwati Jagdish Ed.
_9372377
245 0 _aIndia's reforms
_b How they produced inclusive growth
260 _aNew Delhi
_bOxford University Press
_c2012
300 _axii;282p.
_ccm.
650 _aBusiness Economics
_9391653
700 _a Arvind Pnanagariya Ed.
_9451985
942 _hX.2'P, Q2
_cTEXL
_2CC
999 _c765974
_d765974